000 00346nam a22001337a 4500
008 181019b xxu||||| |||| 00| 0 eng d
020 _a0470264284
041 _aeng
080 _a159.9
100 _a48
101 _aPSI
245 _aAn Introduction to Multivariate Techniques for Social and Behavioural Sciences
_cBennett,S
942 _2udc
_cBK
999 _c50202
_d50202